000 00782cam a22001935a 4500
001 L140583
008 071001s1938 xxk eng u
035 _a(Sirsi) u140583
041 0 _aeng
110 2 _aKnight Frank and Rutley
_91990
245 0 0 _aBerkeley Square House
_bBerkeley Square, London
260 _aLondon
_bKnight Frank and Rutley
_c[1938]
300 _a[16] p.
_bill, map, envelope
_c38 cm.
351 _cSingle item
500 _aPublicity booklet for Berkeley Sqaure House, London, discussing features such as the design and construction, and services and amenities, and setting out the conditions of letting and accommodation available. Illustrated with artist's impressions of the finished building.
651 4 _aLondon
690 _aPROPERTY
942 _n0
999 _c116373
_d116373